01661cam a22003131 450000100060000000300080000600500170001400800390003103500140007004000230008404100080010708200180011510000420013324501430017525000210031826000900033930000210042949000490045050500680049965000190056770000380058694200120062499900170063695201390065395201380079295201380093095201390106895201400120730202BD-RjUL20211209051529.0140409s19501932enk 000 0 eng a(BD-RjUL) aDLCcDLCdDLCbeng aeng a170bHAE 19501 aHartmann, Nicolai,d1882-1950.99177210aEthics /cby Nicolai Hartmann ; translated by Stanton Coit (authorized version) introduction by J. H. Muirhead ...nV-1 .pMoral Phenomena a2 nd. impression aLondon :bG. Allen & Unwin Ltd. ;aNew York :bMacmillan Co.cC1932 [impression 1950] a343 p. ;c22 cm.0 aLibrary of philosophy, ed. by J. H. Muirhead0 aI. Moral phenomena. -- II. Moral values. -- III. Moral freedom. 0aEthics.9918191 aCoit, Stanton,d1857-1944.991774 2ddccBK c30202d30202 00102ddc40708NFICaRUCLbRUCLcStackd1969-09-03ezeithingerg35.00l0o170 HAE V-1 1967r2014-04-09 00:00:00tC-4w2021-12-09yBK 00102ddc40718NFICaRUCLbRUCLcStackd1956-06-05eBlack wellg2.00l0o170 HAE V-1 1950r2014-04-09 00:00:00tC-1w2021-12-09yBK 00102ddc40708NFICaRUCLbRUCLcStackd1956-06-05eBlack wellg2.00l0o170 HAE V-1 1950r2014-04-09 00:00:00tC-3w2014-04-09yBK 00102ddc40708NFICaRUCLbRUCLcStackd1969-09-03eZeitlingerg35.00l0o170 HAE V-1 1967r2014-04-15 00:00:00tC-2w2021-12-09yBK 00102ddc40708NFICaRUCLbRUCLcStackd1969-09-03eZeitlingerg35.00l0o170 HAE V-1 1958r2014-04-15 00:00:00tC-10w2021-12-09yBK